A call to serve : (Record no. 275476)
[ view plain ]
| 000 -LEADER | |
|---|---|
| fixed length control field | 00474nam a2200133Ia 4500 |
| 008 - FIXED-LENGTH DATA ELEMENTS--GENERAL INFORMATION | |
| fixed length control field | 140910s9999 xx 000 0 und d |
| 020 ## - INTERNATIONAL STANDARD BOOK NUMBER | |
| International Standard Book Number | 9780824550059 |
| 050 ## - LIBRARY OF CONGRESS CALL NUMBER | |
| Classification number | BX 1378.7 |
| Item number | .C156 2013 |
| 245 #2 - TITLE STATEMENT | |
| Title | A call to serve : |
| Remainder of title | Pope Francis and the catholic church future / |
| Statement of responsibility, etc | edited by Stefan von Kempis, Philip F. Lawler. |
| 260 ## - PUBLICATION, DISTRIBUTION, ETC. (IMPRINT) | |
| Place of publication, distribution, etc | Macao : |
| Name of publisher, distributor, etc | Claretian Publication, |
| Date of publication, distribution, etc | c2013 |
| 300 ## - PHYSICAL DESCRIPTION | |
| Extent | 158 pages : |
| Other physical details | colored, illustration ; |
| Dimensions | 26 cm. |
| 650 ## - SUBJECT ADDED ENTRY--TOPICAL TERM | |
| Topical term or geographic name as entry element | Spiritual life. |
| 942 ## - ADDED ENTRY ELEMENTS (KOHA) | |
| Koha item type | Books |
| Withdrawn status | Lost status | Damaged status | Home library | Current library | Shelving location | Date acquired | Source of acquisition | Total Checkouts | Total Renewals | Full call number | Barcode | Date last seen | Date checked out | Price effective from | Koha item type |
|---|---|---|---|---|---|---|---|---|---|---|---|---|---|---|---|
| Luxembourg Library | Luxembourg Library | Teachers Reference Section | 09/10/2014 | Library Fund | 1 | 9 | BX 1378.7 .C156 2013 | 19837 | 04/21/2016 | 01/25/2016 | 09/10/2014 | Books |